Minerva - stratégia konkurencieschopnosti Slovenska do roku 2010 bakalárska práca

Guardado en:
Detalles Bibliográficos
Autor principal: Hilčanská, Lenka
Autor Corporativo: Podnikovohospodárska fakulta EU so sídlom v Košiciach. Katedra manažmentu
Otros Autores: Karabašová, Ľudmila, 1982-
Formato: Libro
Lenguaje:eslovaco
Publicado: Košice 2009
Etiquetas: Agregar Etiqueta
Sin Etiquetas, Sea el primero en etiquetar este registro!

MARC

LEADER 00000nam$a2200000$$$4500
001 0106750
005 20240318131056.8
041 0 |a slo 
044 |a SK 
245 1 0 |a Minerva - stratégia konkurencieschopnosti Slovenska do roku 2010  |b bakalárska práca  |c Lenka Hilčanská ; škol. Ľudmila Karabašová 
264 1 |a Košice  |c 2009 
300 |a 64 s. 
100 1 |a Hilčanská, Lenka 
700 1 |a Karabašová, Ľudmila, 1982- 
710 2 |a Podnikovohospodárska fakulta EU so sídlom v Košiciach. Katedra manažmentu